| 000 | 00660cam a22002293a 4500 | ||
|---|---|---|---|
| 001 | 18751 | ||
| 003 | PGUSA | ||
| 005 | 20140828083411.0 | ||
| 008 | 060703s2006||||xxu|||||s|||||000 | eng d | ||
| 040 |
_aPGUSA _beng |
||
| 042 | _adc | ||
| 050 | 4 | _aTN | |
| 100 | 1 |
_aBeringer, C. _q(Cornelius) |
|
| 245 | 1 | 2 |
_aA Text-book of Assaying : _bFor the Use of Those Connected with Mines. _h[electronic resource] / _cC. Beringer |
| 260 |
_bProject Gutenberg, _c2006 |
||
| 506 | _aPublic domain in the USA. | ||
| 516 | _aElectronic text | ||
| 653 | _aAssaying | ||
| 830 | 0 |
_aProject Gutenberg _v18751 |
|
| 856 | 4 | 0 | _uhttp://www.gutenberg.org/ebooks/18751 |
| 942 | _cEB | ||
| 999 |
_c248006 _d248006 |
||